• 首页
  • 本馆介绍
  • 公告通知
  • 最新文献
  • 馆藏检索
  • 电子资源
  • 读者导购
  • 参考咨询
  • 我的图书馆
  • 登录
  • 详细信息显示
  • 放入我的书架
  • 预约/预借图书
  • 作者相关作品
  • 分类相关作品
  • 丛书相关作品
  • 出版社相关作品

书目信息

  • 表格格式
  • 工作单格式
  • 卡片格式
题名:
数学
    
 
作者: 亚历山大洛夫 著 ;孙小礼 译
分册: 第一卷  
出版信息: 北京   科学出版社  1984
页数: 320页
开本: 21cm
丛书名:
单 册:
中图分类: O1
科图分类:
主题词: 数学
电子资源:
ISBN:
000 00739nam0 2200229 45
001 0405211579
005 20040701153238.5
010    @dCNY1.60
091    @a13031.247
100    @a20040521d1984 km y0chiy0120 ea
101 0  @achi
105    @a z 000yy
200 1  @a数学@AShu Xue@e它的内容、方法和意义@ETa De Nei Rong、Fang Fa He Yi Yi@h第一卷@f(苏)А·Д·亚历山大洛夫等著@F(Su)А·Д·Ya Li Shan Da Luo Fu Deng Zhu@g孙小礼等译
210    @a北京@c科学出版社@d1984
215    @a320页@d21cm
517    @a它的内容、方法和意义@ATa De Nei Rong、Fang Fa He Yi Yi
606 0  @a数学
690    @aO1@v3
701  0 @a亚历山大洛夫@4著
702  0 @a孙小礼@ASun Xiao Li@4译
801    @aCN@bPftUser@c20040521
905    @dO1@e109:1@f1@b145882
    
    数学:它的内容、方法和意义.第一卷/(苏)А·Д·亚历山大洛夫等著/孙小礼等译.-北京:科学出版社,1984
    320页;21cm
    
    
    ISBN :CNY1.60
    
●
相关链接 在E读中查询图书 在五车中查询图书 在当当中查询图书 在豆瓣中查询图书


正题名:数学     索取号:O1/109:1         预约/预借

序号 登录号 条形码 馆藏地/架位号 状态 备注
1 0101718   001246841   第三借阅区/ [索取号:O1/109:1] 在馆    
2 0101719   001246805   密集书库/ [索取号:O1/109:1] 在馆    
3 0145882   001941778   密集书库/ [索取号:O1/109:1] 在馆    
4 0145883   001246770   密集书库/ [索取号:O1/109:1] 在馆    
唐山师范学院图书馆 欢迎您!
大连网信软件有限公司© 版权所有